00366 a2200097 4500001001000000005001700010008004100027245010900068100002000177773007100197ART_5565120260410161957.0260409a 10aEl tratamiento concursal frente a los cheques de pago diferido conforme el art. 54 de la ley de cheques.1 aDasso, Ariel G.0 tTemas de derecho comercialg- Año 8, N° 4 (abr. 2022)wREV28151